Vymeriavací základ na zdravotné poistenie

Zmeny v zákone o zdravotnom poistení od 1.1.2017. Zrušenie maximálneho vymeriavacieho základu na zdravotné poistenie a zavedenie nových oznamovacích povinností zamestnávateľa. Úprava rozsahu zárobkovej činnosti.

Gespeichert in:
Bibliographische Detailangaben
1. Verfasser: Matlovičová, Iveta
Format: Buchkapitel
Sprache:Slowakisch
Schlagworte:
Tags: Tag hinzufügen
Keine Tags, Fügen Sie das erste Tag hinzu!

MARC

LEADER 00000naa a2200000 4500
001 0228134
005 20221104112156.7
041 0 |a slo 
044 |a SK 
245 1 0 |a Vymeriavací základ na zdravotné poistenie  |c Iveta Matlovičová 
520 |a Zmeny v zákone o zdravotnom poistení od 1.1.2017. Zrušenie maximálneho vymeriavacieho základu na zdravotné poistenie a zavedenie nových oznamovacích povinností zamestnávateľa. Úprava rozsahu zárobkovej činnosti. 
610 2 0 |a poistenie zdravotné 
610 2 0 |a základ vymeriavací 
610 2 0 |a úpravy právne 
610 2 0 |a 2017 
100 1 |a Matlovičová, Iveta